Co obliczamy robiąc zadania z fizyki? - Statystyki

Ogólne statystyki
  • Ten quiz został rozwiązany 144 razy
  • Średni wynik to 7 z 13
Statystyki odpowiedzi
Odpowiedź % Poprawnych
Prędkość
93%
Czas
78%
Siłę
65%
Natężenie
59%
Moc
58%
Przyspieszenie
58%
Napięcię
54%
Drogę
51%
Energię
44%
Opór
44%
Pracę
40%
Ciśnienie
32%
Gęstość
31%
Nie znaleziono quizów pasujących do podanych kryteriów
Rozkład punktacji
Procent ludzi z każdym wynikiem
Percentyl według liczby udzielonych odpowiedzi
Twoja historia wyników
Nie rozwiązałeś tego quizu